Vista normal Vista MARC

Entrada Topical Term

Número de registros utilizados en: 1

001 - CONTROL NUMBER

  • control field: 3900

003 - CONTROL NUMBER IDENTIFIER

  • control field: OSt

005 - DATE AND TIME OF LATEST TRANSACTION

  • control field: 20200505103809.0

008 - FIXED-LENGTH DATA ELEMENTS

  • fixed length control field: 200505|| aca||aabn | a|a d

040 ## - CATALOGING SOURCE

  • Original cataloging agency: OSt
  • Transcribing agency: OSt

150 ## - HEADING--TOPICAL TERM

  • Topical term or geographic name entry element: Negros

670 ## - SOURCE DATA FOUND

  • Source citation: Work cat.: (OSt)3629: Agier, Michel, autora 3898, De montes, ríos y ciudades: territorios e identidades de la gente negra en Colombia /, 1999